'P' Books by Cover Quiz Stats

 Plays Quiz Updated Jul 8, 2016

Also try: 'A' Books by Cover
Challenge
Share
Tweet
Score 0/15 Timer 05:00
0 Plays Today
Book % Correct
Pride and Prejudice
93.1%
The Phantom of the Opera
92%
Peter Pan
88.8%
Pippi Longstocking
72.7%
The Prince and the Pauper
64.7%
Paradise Lost
62.8%
The Picture of Dorian Gray
53.7%
The Phantom Tollbooth
45.3%
Book % Correct
Patriot Games
32.5%
Push
27.5%
The Perks of Being a Wallflower
27.3%
The Portrait of a Lady
25.8%
A Prayer for Owen Meany
19.4%
The Paper Bag Princess
13%
Possession
12.7%

You're not logged in!

Compare scores with friends on all Sporcle quizzes.
Join for Free
OR
Log In

You Might Also Like...

Show Comments

Extras

Top Quizzes Today


Score Distribution

Your Account Isn't Verified!

In order to create a playlist on Sporcle, you need to verify the email address you used during registration. Go to your Sporcle Settings to finish the process.

Report this User

Report this user for behavior that violates our Community Guidelines.

Details: